Zoznámte sa: Nicol Svoju perspektívu opierajú o 54-percentnú spotrebiteľskú obľúbenosť sirupov

Výroba nealkoholických nápojov a.s. St.Nicolaus v Liptovskom Mikuláši. Prvenstvo spoločnosti medzi domácimi výrobcami nealkoholických nápojov. Spolupráca podniku so zahraničnými výrobcami. Výrobný program ovocných sirupov.

Salvato in:
Dettagli Bibliografici
Autore principale: Stiegel, J.
Natura: Capitolo di libro
Lingua:slovacco
Soggetti:
Tags: Aggiungi Tag
Nessun Tag, puoi essere il primo ad aggiungerne!!

MARC

LEADER 00000naa a2200000 4500
001 r018485
005 20221213100650.7
041 0 |a slo 
044 |a SK 
245 1 0 |a Zoznámte sa: Nicol  |b Svoju perspektívu opierajú o 54-percentnú spotrebiteľskú obľúbenosť sirupov  |c J. Stiegel 
520 |a Výroba nealkoholických nápojov a.s. St.Nicolaus v Liptovskom Mikuláši. Prvenstvo spoločnosti medzi domácimi výrobcami nealkoholických nápojov. Spolupráca podniku so zahraničnými výrobcami. Výrobný program ovocných sirupov. 
610 2 0 |a nápoje nealkoholické 
610 2 0 |a St. Nicolaus, a.s. Liptovský Mikuláš 
610 2 0 |a programy výrobné 
610 2 0 |a odbyt 
610 2 0 |a objem výroby 
100 1 |a Stiegel, J.